000 00957pam a2200277 a 4500
008
020 _a0582058228 (hbk.)
090 _aQA801
_bSYM
245 1 0 _aTrends in applications of mathematics to mechanics /
_cedited by W. Schneider, H. Troger, and F. Ziegler.
260 _aEssex :
_bLongman Scientific & Technical,
_c1991.
300 _a356 p. :
_bill. ;
_c25 cm.
440 0 _aInteraction of mechanics and mathematics series,
_x0962-4589
504 _aIncludes bibliographical references.
650 0 _aMechanics
_xCongresses.
650 0 _aMathematics
_xCongresses.
700 1 _aSchneider, Wilhelm.
700 1 _aTroger, H.
700 1 _aZiegler, Franz.
710 2 _aInternational Society for the Interaction of Mechanics and Mathematics.
907 _a.b10176111
_b04-03-22
_c20-09-05
003
005 20230123134113.0
040 _cNUST
049 _aMAIN
942 _cBOOKS
_kQA801
_mSYM
999 _c160094
_d160094